Comuni della Provincia di Ascoli Piceno - Statistics

Statistiche generali
  • Questo quiz è stato fatto 54 volte
    33 dall'ultimo reset
  • Il punteggio medio è 20 su 33
Statistiche sulle risposte
Comune % Corretto
Ascoli Piceno
95%
San Benedetto del Tronto
90%
Grottammare
85%
Arquata del Tronto
75%
Castel di Lama
70%
Colli del Tronto
70%
Comunanza
70%
Offida
70%
Acquasanta Terme
65%
Acquaviva Picena
65%
Cupra Marittima
65%
Monsampolo del Tronto
65%
Monteprandone
65%
Ripatransone
65%
Spinetoli
65%
Folignano
60%
Massignano
60%
Montefiore dell'Aso
60%
Montegallo
60%
Rotella
60%
Venarotta
60%
Carassai
55%
Castignano
55%
Cossignano
55%
Maltignano
55%
Montemonaco
55%
Appignano del Tronto
50%
Montedinove
50%
Roccafluvione
50%
Castorano
45%
Force
45%
Palmiano
45%
Montalto delle Marche
40%
Nessun quiz corrispondente trovato
Distribuzione punteggi
Percentuale di utenti per punteggio
Percentile per numero di risposta
I tuoi punteggi nel tempo
Non hai fatto questo quiz dall'ultimo reset